000 00657nam a2200253Ia 4500
005 20250425162006.0
008 250425s9999 xx 000 0 und d
020 _a8428317348
041 _aspa
082 _a621.902
100 _aLARBURU ARRIZABALAGA, NICOLAS
245 0 _aMAQUINAS PRONTUARIO: TECNICAS, MAQUINAS HERRAMIENTAS
250 _a1A ED.
260 _aEspaƱa
_bPARANINFO
_c1990
260 _aMADRID
300 _a587
500 _aInv. 39152 (perdido) en Bib.Tec.
650 _aMAQUINARIA
650 _aMAQUINAS HERRAMIENTAS
650 _aTABLAS MATEMATICAS
650 _aTALLERES MECANICOS
942 _c01
010 _a39074
999 _c220229
_d220229